15 principaux pays touchés par Covid-19 - 5 juin - Statistiques

Statistiques générales
  • Ce quiz a été pris 46 fois
  • Le résultat moyen est 12 sur 25
Statistiques - réponses
pays % Correct
France
100%
Etats-Unis
93%
Allemagne
83%
Espagne
83%
Italie
83%
Russie
78%
Brésil
76%
Inde
76%
Mexique
73%
Royaume-Uni
68%
Belgique
51%
Suède
41%
Turquie
39%
Iran
37%
Irlande
32%
Pérou
29%
Chili
24%
Chili
24%
Arabie Saoudite
22%
Biélorussie
17%
Qatar
17%
Bahreïn
15%
Koweït
15%
Singapour
15%
Arménie
2%
Aucun quiz correspondant
Distribution des résultats
% des personnes avec chaque résultat
Percentile par nombre de réponses
Votre historique - résultats
Vous n’avez pas pris ce quiz